00646nam a22002177a 450000500170000001000130001702000260003003500130005603700160006904000120008508200140009710000190011124500400013024600060017026000470017627000550022330000200027850000540029865000420035265000340039420170124110239.0 aB-011556 c195.00a9780195645651 aB-011556 bCen Lib/Ret aDPLbEN a9212SEN  aSen, Amiya P.  aSwami Vivekanand /cby Amiya P. Sen b  aNew Delhi bOxford University Press c2000 bNew Delhi aYMCA building, Jai Singh raod e110001 a109p.c21cm(Hb) aIncludes glossary and bibliographical references  aVivekananda, -- Swami, -- 1863-1902.  aHindus -- India -- Biography.